00322nam a2200133Ia 4500008004100000020002200041041000800063082001600071100002000087245001900107260004200126300001200168650000800180260601s1868 xx 000 0 und d a978-0-099-44882-2 aeng a895.635/MUR aMURAKAMI HARUKI aNORWEGIAN WOOD aSINGAPOREbPENGUIN RANDOM HOUSEc1868 aP.B,389 aMBA